000 00402 a2200145 4500
999 _c2247
_d2247
020 _a8131509788
050 _aHD 30.22 HIR 2009
100 _aHirschey, Mark
245 _aManagerial economics
_ban integrative approach /
_cMark Hirschey
264 _aAndover
_bCengage Learning
_c2009
300 _a717p.
500 _aincludes index
650 _aManagerial economics
942 _2lcc
_cBK
_h30.22
_iHIR
_kHD